| 000 | 00984cab a2200253 4500 | ||
|---|---|---|---|
| 001 | WB3027-38 | ||
| 008 | 090401t1994 xxu||||| |||| 00| 0 eng d | ||
| 035 | _a(Sirsi) u4480 | ||
| 041 | _aeng | ||
| 245 | _aAccess: persons with disability | ||
| 260 | _c1994 | ||
| 350 | _a0 | ||
| 490 |
_aEstates Gazette Case Summaries _v1994 EGCS 123 (10/7/94) |
||
| 520 | _a"Richmond-upon-Thames LBC v SoS Environment and another" QBD 28 June 1994. Planning authority`s application to quash inspector`s decision granted on the grounds that he had failed to give material consideration to ENV22 and ENV30 of the unitary development plan deposit draft in relation to access to persons of limited mobility to the proposed sandwich bar when considering PPG1. | ||
| 650 | _aACCESS | ||
| 650 | _aCHANGE OF USE | ||
| 650 | _aDISABLED | ||
| 650 | _aMOBILITY | ||
| 650 | _aPPG1 | ||
| 650 | _aSANDWICH BARS | ||
| 690 | _aPLANNING LAW AND PRACTICE-CASE LAW | ||
| 942 | _n0 | ||
| 948 | _c04/03/1997 | ||
| 999 |
_c2697 _d2697 |
||